000 00270nam a22001097a 4500
008 170118b xxu||||| |||| 00| 0 eng d
020 _a9781582554488
041 _aeng
080 _a618.2
245 _aPSYCHIATRIC & MENTAL HEALTH NURSING
_cSCHILLING, J.A
942 _2udc
_cBK
999 _c3121
_d3121